Social Innovation in Higher Education (Record no. 21119)

MARC details
000 -LEADER
fixed length control field 00802nam a2200121Ia 4500
008 - FIXED-LENGTH DATA ELEMENTS--GENERAL INFORMATION
fixed length control field 220616s9999||||xx |||||||||||||| ||und||
245 #0 - TITLE STATEMENT
Title Social Innovation in Higher Education
Remainder of title Landscape, Practices, and Opportunities
546 ## - LANGUAGE NOTE
Language note English[eng]
650 ## - SUBJECT ADDED ENTRY--TOPICAL TERM
Topical term or geographic name entry element Open Access||Social change||Higher education institutions||Societal challenges||Universities||Triple helix||Quadruple helix||SDGs||Sustainability||Knowledge alliances||Entrepreneurship||Future employment markets||Knowledge transfer||Digitalisation||Community-based learning||Funding of higher education institution||Sectoral specialization of the regional economies
700 ## - ADDED ENTRY--PERSONAL NAME
Personal name Păunescu, Carmen||Lepik, Katri-Liis||Spencer, Nicholas
856 ## - ELECTRONIC LOCATION AND ACCESS
Uniform Resource Identifier <a href="https://library.oapen.org/bitstream/20.500.12657/52419/1/978-3-030-84044-0.pdf">https://library.oapen.org/bitstream/20.500.12657/52419/1/978-3-030-84044-0.pdf</a>
942 ## - ADDED ENTRY ELEMENTS (KOHA)
Koha item type E-Books
Holdings
Withdrawn status Lost status Damaged status Not for loan Home library Current library Date acquired Total Checkouts Date last seen Price effective from Koha item type
        Kerala University of Digital Sciences, Innovation and Technology Knowledge Centre Kerala University of Digital Sciences, Innovation and Technology Knowledge Centre 16/06/2022   16/06/2022 16/06/2022 E-Books